[Event "ARG-ch sf"]
[Site "Buenos Aires"]
[Date "1998.??.??"]
[Round "3"]
[White "Schuster, Carlos"]
[Black "Peralta, Fernando"]
[Result "0-1"]
[WhiteElo "2265"]
[BlackElo "2360"]

1.d4 g6 2.c4 Bg7 3.e4 d6 4.Nc3 Nf6 5.Be2 O-O 6.Nf3 e5 7.Bg5 h6 8.Bh4 g5 9.Bg3 g4
10.Nh4 exd4 11.Qxd4 Re8 12.Qd3 Na6 13.f3 Nc5 14.Qc2 Nh5 15.O-O-O Nxg3 16.hxg3 c6
17.Kb1 a6 18.Qd2 Be6 19.Nf5 Bxf5 20.exf5 Qf6 21.fxg4 Ne4 22.Nxe4 Rxe4 23.Rc1 b5
24.Rhd1 bxc4 25.Bf3 Rb8 26.Rc2 Re7 27.Bxc6 c3 28.Qxd6 Qxd6  0-1

[Event "Calcutta"]
[Site "Calcutta"]
[Date "1998.??.??"]
[Round "1"]
[White "Ravi, Lanka"]
[Black "Yurtaev, Leonid"]
[Result "0-1"]
[WhiteElo "2405"]
[BlackElo "2520"]

1.Nf3 Nf6 2.c4 g6 3.Nc3 Bg7 4.e4 d6 5.d4 O-O 6.Be2 e5 7.d5 Nbd7 8.Bg5 h6
9.Bh4 Re8 10.Nd2 Nf8 11.f3 c5 12.Rb1 h5 13.Qc2 Bh6 14.b4 cxb4 15.Rxb4 Be3
16.Nd1 Bc5 17.Rb2 N8h7 18.Bf2 Bxf2+ 19.Nxf2 b6 20.O-O h4 21.a4 Nh5 22.Ra1 Qg5
23.Qd1 Nf4 24.Qf1 Nf6 25.Nb3 Bh3 26.Nxh3 Nxh3+ 27.Kh1 Nf4 28.Kg1 N6h5 29.Kf2 Rac8
30.Nd2 Rc5 31.Ra3 Kg7 32.Qg1 Rh8 33.Bf1 Ng3 34.Ke1 h3 35.gxh3 Nxe4 36.Qxg5 Nxg5
37.a5 bxa5 38.Rba2 Nfxh3 39.Rxa5 Rxa5 40.Rxa5 Ng1 41.Bg2 Rxh2 42.Kf2 Ne2
43.Kxe2 Rxg2+ 44.Kd3 f5 45.Rxa7+ Kh6 46.Rd7 Nxf3 47.Nxf3 e4+ 48.Ke3 exf3
49.Rxd6 Rc2 50.Kxf3 Rxc4 51.Rd8 Kg5 52.d6 Rd4 53.d7 Rd6 54.Ke3 Kf6 55.Kf4 Ke7
56.Rg8 Kxd7 57.Ke5 Re6+ 58.Kf4 Re4+ 59.Kg5 Rg4+ 60.Kf6 f4 61.Ke5 g5 62.Kd5 f3
63.Rg7+ Ke8 64.Ke6 Re4+ 65.Kf5 Re1  0-1

[Event "Calcutta"]
[Site "Calcutta"]
[Date "1998.??.??"]
[Round "5"]
[White "Ravi, Lanka"]
[Black "Thipsay, Praveen Mahadeo"]
[Result "1-0"]
[WhiteElo "2405"]
[BlackElo "2515"]

1.d4 Nf6 2.c4 g6 3.Nc3 Bg7 4.e4 d6 5.Nf3 O-O 6.Be2 Na6 7.O-O e5 8.Be3 Ng4
9.Bg5 Qe8 10.dxe5 dxe5 11.h3 h6 12.Bd2 Nf6 13.Be3 Qe7 14.a3 c6 15.b4 Nh5
16.c5 Nc7 17.Qd6 Re8 18.Rfd1 Nf4 19.Bc4 Be6 20.Bxe6 Ncxe6 21.Qxe7 Rxe7 22.Kh2 Nc7
23.Rab1 a6 24.a4 Nfe6 25.Nd2 Nd4 26.Nc4 Nce6 27.Na5 Kf8 28.Rb2 Rd7 29.Rbd2 Rad8
30.Nc4 Rc7 31.Kg1 Ra8 32.Na5 Rb8 33.Nc4 Ra8 34.a5 Rd8 35.Kf1 Re8 36.f3 Nb5
37.Nxb5 axb5 38.Nd6 Ra8 39.g3 h5 40.Rd3 Kg8 41.f4 Bf6 42.f5 Nf8 43.g4 hxg4
44.hxg4 Nh7 45.Ke2 g5 46.Rh1 Bg7 47.f6 Bxf6 48.Bd2 Nf8 49.Rf3 Bg7 50.Bxg5 Ne6
51.Be3 Nd4+ 52.Bxd4 exd4 53.Rf5 Rd8 54.Kd3 Re7 55.Rg5 f6 56.Nf5 Red7 57.Rg6 Re8
58.Rh5 Rc8 59.g5 fxg5 60.Rhxg5 Rcc7 61.e5  1-0

[Event "Cannes op"]
[Site "Cannes"]
[Date "1998.??.??"]
[Round "5"]
[White "Shchekachev, Andrei"]
[Black "Berthelot, Yannick"]
[Result "1-0"]
[WhiteElo "2565"]
[BlackElo "2285"]

1.Nf3 Nf6 2.c4 g6 3.Nc3 Bg7 4.e4 d6 5.d4 O-O 6.Be2 e5 7.Be3 Na6 8.O-O Ng4
9.Bg5 Qe8 10.dxe5 dxe5 11.h3 h6 12.Bc1 Nf6 13.Be3 Qe7 14.Nd5 Qd8 15.Qc2 c6
16.Nxf6+ Qxf6 17.Rfd1 Re8 18.c5 Nc7 19.Nd2 Ne6 20.Nc4 Bf8 21.b4 Nf4 22.Bf1 h5
23.Rd2 Be6 24.Na5 Rab8 25.Kh2 h4 26.Bc4 Bc8 27.a4 Be7 28.Rad1 Bd8 29.Rd6 Ne6
30.Bf1 Bc7 31.R6d2 Nd4 32.Qc3 b6 33.cxb6 axb6 34.Nxc6 Qxc6 35.Qxc6 Nxc6 36.Rc2 Nxb4
37.Rxc7 Ba6 38.Bb5 Rec8 39.Rxc8+ Rxc8 40.Rb1 Bxb5 41.axb5 Na2 42.Bxb6 Nc3
43.Rc1  1-0

[Event "Cannes op"]
[Site "Cannes"]
[Date "1998.??.??"]
[Round "7"]
[White "Shchekachev, Andrei"]
[Black "Gallagher, Joseph G"]
[Result "1/2-1/2"]
[WhiteElo "2565"]
[BlackElo "2490"]

1.Nf3 Nf6 2.c4 g6 3.Nc3 Bg7 4.e4 d6 5.d4 O-O 6.Be2 e5 7.Be3 exd4 8.Nxd4 Re8
9.f3 c6 10.Bf2 a6 11.O-O Nh5 12.Qd2 b5 13.b4 a5 14.a3 axb4 15.axb4 Rxa1 16.Rxa1 c5
17.Nc2 cxb4 18.Nxb4 Nf4 19.Qxf4 Bxc3 20.Rb1 bxc4 21.Bxc4 Be6 22.Nd5 Be5 23.Qd2 Nd7
24.Rd1 Bxd5 25.Bxd5 Qe7 26.f4 Bg7 27.e5 dxe5 28.Bc6 Nf8 29.Bxe8 Qxe8 30.fxe5 Qxe5
31.Qd8 Bf6 32.Qc8 Kg7 33.Re1 Qd5 34.Bg3 Ne6 35.Qb8 h5 36.Be5 Qc5+ 37.Kh1 Bxe5
38.Qxe5+ Qxe5 39.Rxe5 Kf6 40.Ra5 Nd4 41.Kg1 Nf5 42.Kf2 Nh6 43.Kf3 Kg7 44.Kf4 Ng4
45.h3 Nf6 46.Ke5 Nd7+ 47.Kd6 Nf6 48.Ra7 Kf8 49.Ra8+ Kg7 50.Rd8 Ng8 51.Ke5 Nf6
52.Rd4 Ng8 53.Rf4 Nh6 54.Kd6 Ng8 55.g4 hxg4 56.hxg4 g5 57.Rb4 Kf6 58.Kd7 Nh6
59.Ke8 Ke5  1/2-1/2

[Event "Cappelle op"]
[Site "Cappelle la Grande"]
[Date "1998.??.??"]
[Round "2"]
[White "Naumkin, Igor"]
[Black "Kaminski, Marcin"]
[Result "1/2-1/2"]
[WhiteElo "2435"]
[BlackElo "2535"]

1.d4 Nf6 2.Nf3 g6 3.c4 Bg7 4.Nc3 O-O 5.e4 d6 6.Be2 e5 7.d5 a5 8.Bg5 h6 9.Bh4 Na6
10.O-O Qe8 11.Nd2 Nh7 12.a3 Bd7 13.b3 h5 14.f3 Bh6 15.Rb1 Be3+ 16.Bf2 Bc5
17.Bxc5 dxc5 18.Qc2 Qe7 19.Nd1  1/2-1/2

[Event "Cappelle op"]
[Site "Cappelle la Grande"]
[Date "1998.??.??"]
[Round "3"]
[White "Atalik, Suat"]
[Black "Saltaev, Mihail"]
[Result "1-0"]
[WhiteElo "2595"]
[BlackElo "2510"]

1.d4 Nf6 2.c4 d6 3.Nf3 Nbd7 4.Nc3 g6 5.e4 e5 6.Be2 Bg7 7.O-O O-O 8.Be3 Ng4
9.Bg5 f6 10.Bd2 Nh6 11.Qc2 c6 12.b4 Qe7 13.Rad1 Nf7 14.Bc1 Kh8 15.b5 Rd8
16.bxc6 bxc6 17.c5 dxc5 18.dxe5 fxe5 19.Na4 Rb8 20.Be3 Bf8 21.Bc4 Re8 22.Bb3 Kg7
23.Rd2 Rb5 24.Rc1 h6 25.Rd3 Nd8 26.Qd2 Nf7 27.Bxf7 Kxf7 28.Bxh6 Nf6 29.Ng5+ Kg8
30.Bxf8 Rxf8 31.Rd6 c4 32.Rxc6 Bb7 33.R6xc4 Rd8 34.Qc2 Nd5 35.h4 Nf4 36.Rc7 Qb4
37.Rg7+ Kf8 38.Qc7  1-0

[Event "Cappelle op"]
[Site "Cappelle la Grande"]
[Date "1998.??.??"]
[Round "4"]
[White "Gleizerov, Evgeny"]
[Black "Blehm, Pawel"]
[Result "1-0"]
[WhiteElo "2545"]
[BlackElo "2380"]

1.d4 Nf6 2.c4 g6 3.Nc3 Bg7 4.e4 d6 5.Nf3 O-O 6.Be2 e5 7.O-O exd4 8.Nxd4 Re8
9.f3 Nc6 10.Be3 Nh5 11.Qd2 f5 12.Nxc6 bxc6 13.c5 fxe4 14.fxe4 Be5 15.Bg5 Nf6
16.Qe1 Qe7 17.Qh4 Bxc3 18.bxc3 Qxe4 19.Bc4+ d5 20.Rxf6 Qxh4 21.Bxh4 dxc4
22.Rxc6 Bf5 23.Rxc7 Rec8 24.Re7 Rxc5 25.Bf6 h5 26.Rae1 Rc6 27.Bd4 Rd8 28.Rg7+ Kf8
29.Ree7  1-0

[Event "Cappelle op"]
[Site "Cappelle la Grande"]
[Date "1998.??.??"]
[Round "4"]
[White "Belichev, Nikolai"]
[Black "McNab, Colin Anderson"]
[Result "1/2-1/2"]
[WhiteElo "2370"]
[BlackElo "2500"]

1.d4 d6 2.Nf3 g6 3.c4 Nd7 4.Nc3 e5 5.e4 Bg7 6.Be2 Ngf6 7.O-O O-O 8.Re1 c6
9.Bf1 Qe7 10.Rb1 a5 11.Be3 exd4 12.Bxd4 Ne5 13.h3 Nh5 14.Be3 Be6 15.Nxe5 dxe5
16.Na4 Nf4 17.Qc2 b5 18.Nc5 Rfb8 19.Nxe6 Nxe6 20.cxb5  1/2-1/2

[Event "Cappelle op"]
[Site "Cappelle la Grande"]
[Date "1998.??.??"]
[Round "5"]
[White "Dumitrache, Dragos"]
[Black "Saltaev, Mihail"]
[Result "1/2-1/2"]
[WhiteElo "2385"]
[BlackElo "2510"]

1.d4 Nf6 2.c4 d6 3.Nc3 Nbd7 4.Nf3 g6 5.e4 e5 6.Be2 Bg7 7.O-O O-O 8.Re1 c6
9.Bf1 h6 10.Rb1 Nh7 11.b4 Ng5 12.d5 Nxf3+ 13.Qxf3 c5 14.Nb5 Qe7 15.bxc5 Nxc5
16.Be3 b6 17.Bxc5 bxc5 18.Qa3 f5 19.Bd3 Bf6 20.Re2 f4 21.f3 Bh4 22.Qa5 Rf7
23.Reb2 g5 24.Nc3 g4 25.Be2 h5 26.Qa4 gxf3 27.Bxf3 Bg4 28.Rb8+ Rxb8 29.Rxb8+ Kg7
30.Qd1 Qg5 31.Nb5 Rd7 32.Ra8 Bg3 33.Rxa7 Rxa7 34.Nxa7 Qh4 35.h3 Bxf3 36.Qxf3 Qd8
37.Qa3 Qg5 38.Qc1 Qg6 39.Qc2 Bh4 40.Qd3 Kf6 41.Nb5 Ke7 42.Qf3 Kf7 43.Kf1 Be7
44.Na7 Kg7 45.Nc6 Bh4 46.a4 Qf7 47.Qb3 Qg6 48.Qb7+ Kh6 49.Qb8 Qxe4 50.Qxd6+ Kh7
51.Qd7+ Kh6 52.Qe6+  1/2-1/2

[Event "WLS-ch"]
[Site "Cardiff"]
[Date "1998.??.??"]
[Round "4"]
[White "Cummings, David H"]
[Black "Cobb, James"]
[Result "1/2-1/2"]
[WhiteElo "2365"]
[BlackElo "2330"]

1.Nf3 Nf6 2.c4 g6 3.Nc3 Bg7 4.d4 O-O 5.e4 d6 6.Be2 Nbd7 7.O-O e5 8.Be3 h6
9.dxe5 dxe5 10.Nd2 b6 11.b4 Bb7 12.Qc2 Nh7 13.Rad1 Ndf6 14.c5 Qc8 15.b5 bxc5
16.Bxc5 Re8 17.Bc4 Ng5 18.Nd5 Bxd5 19.exd5 e4 20.Qb3 Qf5 21.f4 Ngh7 22.h3 h5
23.Be3 Nd7 24.Qc2 Nb6 25.Nb3 Rad8 26.Nd4 Bxd4 27.Rxd4 Nf6 28.Rfd1 Rd6 29.R4d2 Nfxd5
30.Bxd5 Nxd5 31.Bxa7  1/2-1/2

[Event "Ceske Budejovice op"]
[Site "Ceske Budejovice"]
[Date "1998.??.??"]
[Round "?"]
[White "Likavsky, Tomas"]
[Black "Zimmerman, Yuri"]
[Result "0-1"]
[WhiteElo "2315"]
[BlackElo "2340"]

1.d4 Nf6 2.c4 g6 3.Nc3 Bg7 4.e4 d6 5.Nf3 O-O 6.Be2 e5 7.Be3 c6 8.dxe5 dxe5
9.Nd2 Qe7 10.c5 Rd8 11.f3 Nbd7 12.b4 Nf8 13.O-O Ne6 14.Qc1 Ne8 15.Bc4 Nd4
16.Nb3 Be6 17.Ne2 b5 18.cxb6 axb6 19.Qc3 Bxc4  0-1

[Event "Ceske Budejovice op"]
[Site "Ceske Budejovice"]
[Date "1998.??.??"]
[Round "?"]
[White "Voloshin, Leonid"]
[Black "Hermansson, Emil"]
[Result "0-1"]
[WhiteElo "2440"]
[BlackElo "2340"]

1.d4 Nf6 2.c4 g6 3.Nc3 Bg7 4.e4 d6 5.Be2 O-O 6.Nf3 e5 7.dxe5 dxe5 8.Qxd8 Rxd8
9.Bg5 Nbd7 10.O-O-O Rf8 11.Nd2 Nc5 12.Be3 Ne6 13.Nb3 h5 14.f3 Kh7 15.Kb1 Bh6
16.Bf2 Nd7 17.Rhe1 a5 18.Na4 Nb8 19.Nbc5 Nf4 20.Bf1 Bg7 21.Nc3 Na6 22.Nd5 Ne6
23.Nxe6 Bxe6 24.c5 Rfc8 25.Bc4 Nb4 26.Nxb4 Bxc4 27.Nd5 Bb5 28.h3 f5 29.exf5 gxf5
30.f4 e4 31.g4 Bd3+ 32.Ka1 a4 33.a3 Ra5 34.gxf5 Rf8 35.Nb4 Rb5 36.Be3 Rxb4
37.axb4 a3 38.Rxd3 axb2+ 39.Kb1 exd3 40.Rd1 Ra8 41.Rxd3 Ra1+ 42.Kc2 b1=Q+  0-1

[Event "Chemnitz op"]
[Site "Chemnitz"]
[Date "1998.??.??"]
[Round "4"]
[White "Spiess, Gunter"]
[Black "Vogt, Lothar"]
[Result "0-1"]
[WhiteElo "2400"]
[BlackElo "2510"]

1.d4 Nf6 2.Nf3 g6 3.c4 Bg7 4.Nc3 O-O 5.e4 d6 6.Be2 e5 7.O-O Nbd7 8.Re1 c6
9.Bf1 exd4 10.Nxd4 Re8 11.Bf4 Nc5 12.Qc2 Ng4 13.Nf3 Ne6 14.Bg3 Ne5 15.Rad1 Nxf3+
16.gxf3 Nd4 17.Qd3 h5 18.h3 Be6 19.Bg2 a6 20.Bf4 b5 21.b3 bxc4 22.bxc4 Qf6
23.Bxd6 Bxh3 24.f4 Bxg2 25.Kxg2 Qxd6 26.e5 Qe6 27.Qxd4 Qg4+ 28.Kf1 Rad8 29.Qe3 Rxd1
30.Rxd1 f6 31.Rd4 fxe5 32.fxe5 Qf5 33.Rf4 Rxe5 34.Rxf5 Rxe3 35.fxe3 gxf5
36.Ne2 Be5 37.Kg2 Kf7 38.Kf3 Ke6 39.e4 fxe4+ 40.Kxe4 h4 41.Ng1 Bf6 42.Nf3 Kd6
43.Kf5 Bd8 44.Kg4 Kc5 45.Ne5 a5 46.a3 a4 47.Kh3 Bc7 48.Nf3 Bg3  0-1

[Event "Chemnitz op"]
[Site "Chemnitz"]
[Date "1998.??.??"]
[Round "4"]
[White "Hess, Christian"]
[Black "Lanka, Zigurds"]
[Result "1/2-1/2"]
[WhiteElo "2290"]
[BlackElo "2525"]

1.Nf3 Nf6 2.c4 g6 3.Nc3 Bg7 4.e4 d6 5.d4 O-O 6.Be2 e5 7.d5 Nbd7 8.O-O Kh8
9.Be3 Ng4 10.Bg5 f6 11.Bh4 h5 12.Nd2 Nh6 13.f3 Rg8 14.Kh1 Nf8 15.Bf2 g5 16.c5 dxc5
17.Bxc5 Ng6 18.Bc4 Bf8 19.d6 Rg7 20.dxc7 Rxc7 21.Bg1 Nf4 22.Nd5 Nxd5 23.Bxd5 Bd7
24.Qb3 Bc6 25.Bxc6 bxc6 26.Nc4 Qe8 27.Rfd1 Rb8 28.Qc2 Qe6 29.b3 g4 30.Qf2 Rg7  1/2-1/2

[Event "Chemnitz op"]
[Site "Chemnitz"]
[Date "1998.??.??"]
[Round "5"]
[White "Haba, Petr"]
[Black "Vogt, Lothar"]
[Result "1/2-1/2"]
[WhiteElo "2570"]
[BlackElo "2510"]

1.d4 Nf6 2.c4 d6 3.Nc3 Nbd7 4.e4 e5 5.Nf3 g6 6.Be2 Bg7 7.O-O O-O 8.Qc2 Nh5
9.Rd1 Nf4 10.Bf1 c5 11.dxe5 dxe5 12.Nd5 Ne6 13.a3 b6 14.b4 Bb7 15.Qa4 Nb8
16.Be3 Bc6  1/2-1/2

[Event "Chemnitz op"]
[Site "Chemnitz"]
[Date "1998.??.??"]
[Round "7"]
[White "Timoshchenko, Gennadi A"]
[Black "Bakhtadze, Giorgi"]
[Result "1-0"]
[WhiteElo "2520"]
[BlackElo "2390"]

1.d4 Nf6 2.Nf3 g6 3.c4 Bg7 4.Nc3 d6 5.e4 O-O 6.Be2 e5 7.Be3 exd4 8.Nxd4 Re8
9.f3 c6 10.Qd2 d5 11.exd5 cxd5 12.O-O dxc4 13.Bxc4 a6 14.Rad1 Nbd7 15.Bh6 Bxh6
16.Qxh6 Qc7 17.Bb3 Nc5 18.Qh4 Qb6 19.Ne4 Ncxe4 20.fxe4 Kg7 21.Qf2  1-0

[Event "Chemnitz op"]
[Site "Chemnitz"]
[Date "1998.??.??"]
[Round "9"]
[White "Hess, Christian"]
[Black "Vogt, Lothar"]
[Result "0-1"]
[WhiteElo "2290"]
[BlackElo "2510"]

1.Nf3 g6 2.d4 Nf6 3.c4 Bg7 4.Nc3 O-O 5.e4 d6 6.Be2 e5 7.d5 Nbd7 8.O-O Nc5
9.Qc2 a5 10.Bg5 h6 11.Be3 Nh5 12.g3 Bh3 13.Rfd1 b6 14.Ne1 f5 15.exf5 Bxf5
16.Qd2 Bd7 17.Nd3 Kh7 18.Nxc5 bxc5 19.Qc2 Nf4 20.gxf4 exf4 21.Bc1 f3 22.Bd3 Qh4
23.Ne4 Bf5  0-1

[Event "Creon op"]
[Site "Creon"]
[Date "1998.??.??"]
[Round "1"]
[White "Garrido, Daniel"]
[Black "Kozlowski, Thierry"]
[Result "1-0"]
[WhiteElo "2240"]
[BlackElo "2055"]

1.d4 Nf6 2.c4 g6 3.Nc3 Bg7 4.e4 d6 5.Be2 O-O 6.Nf3 e5 7.d5 a5 8.h4 Na6 9.Nd2 Nc5
10.g4 Ne8 11.Nb3 f5 12.h5 Nxb3 13.axb3 Nf6 14.h6 Bh8 15.g5 Nxe4 16.Nxe4 fxe4
17.b4 c6 18.Be3 Rf4 19.Rg1 Rh4 20.bxa5 Rxa5 21.b4 Rxa1 22.Qxa1 Bd7 23.Kd2 b5
24.Qa6 cxd5 25.cxd5 Qb8 26.Ra1 Rf4 27.Bxf4 exf4 28.Qa8 Qe8 29.Qxe8+ Bxe8
30.Ra8 Kf7 31.Bxb5  1-0

[Event "Creon op"]
[Site "Creon"]
[Date "1998.??.??"]
[Round "5"]
[White "Happel, Hendrik A"]
[Black "Leygue, Dominique"]
[Result "1/2-1/2"]
[WhiteElo "2195"]
[BlackElo "2275"]

1.d4 Nf6 2.c4 g6 3.Nc3 Bg7 4.e4 O-O 5.Nf3 d6 6.Be2 e5 7.d5 Nbd7 8.O-O Ne8
9.Ne1 f5 10.exf5 gxf5 11.f4 e4 12.Be3 c5 13.dxc6 bxc6 14.Nc2 Ndf6  1/2-1/2

[Event "CZE-chT2 9899"]
[Site "CZE"]
[Date "1998.??.??"]
[Round "?"]
[White "Vrbata, Zbynek"]
[Black "Vacek, Radomir"]
[Result "1/2-1/2"]
[WhiteElo "2360"]
[BlackElo "2240"]

1.d4 Nf6 2.c4 g6 3.Nc3 Bg7 4.e4 d6 5.Nf3 O-O 6.Be2 e5 7.d5 a5 8.Bg5 Na6 9.Nd2 h6
10.Bh4 Qe8 11.O-O  1/2-1/2

[Event "CZE-chT2 9899"]
[Site "CZE"]
[Date "1998.??.??"]
[Round "?"]
[White "Chloupek, Stanislav"]
[Black "Vodicka, Vlastimil"]
[Result "0-1"]
[WhiteElo "2355"]
[BlackElo "2245"]

1.c4 d6 2.Nc3 Nf6 3.d4 e5 4.Nf3 Nbd7 5.e4 g6 6.Be2 Bg7 7.O-O O-O 8.Be3 c6
9.d5 Qe7 10.Nd2 c5 11.a3 Ne8 12.b4 f5 13.Nb3 b6 14.bxc5 Nxc5 15.f3 Bf6 16.a4 Bg5
17.Bf2 Nf6 18.exf5 gxf5 19.a5 Bd7 20.Nb5 Nh5 21.g3 Ng7 22.Ra3 f4 23.g4 h5
24.h3 hxg4 25.hxg4 Bh4 26.Qe1 Bxf2+ 27.Qxf2 Bxb5 28.cxb5 Nxb3 29.Rxb3 Qg5
30.Qg2 Rfc8 31.Bd3 Kf7 32.Ra3 Qd8 33.Rfa1 Rc5 34.axb6 Qxb6 35.Ra6 Rc1+  0-1

[Event "CZE-chT 9899"]
[Site "CZE"]
[Date "1998.??.??"]
[Round "4"]
[White "Ioseliani, Nana"]
[Black "Movsesian, Sergei"]
[Result "0-1"]
[WhiteElo "2480"]
[BlackElo "2640"]

1.d4 Nf6 2.Nf3 g6 3.c4 Bg7 4.Nc3 O-O 5.e4 d6 6.Be2 Nbd7 7.O-O e5 8.Be3 Qe7
9.d5 c5 10.Nd2 h5 11.a3 Nh7 12.b4 b6 13.Nb3 f5 14.f3 Ndf6 15.bxc5 dxc5 16.a4 Bd7
17.a5 h4 18.Ra2 Rab8 19.axb6 axb6 20.Ra7 Rf7 21.Qd2 Nh5 22.Rb1 Rbf8 23.d6 Qd8
24.Nd5 N7f6 25.Ne7+ Kh7 26.Rba1 fxe4 27.fxe4 Nxe4 28.Qd3 Nhf6 29.Ra8 Qxa8
30.Rxa8 Rxa8 31.Bg5 Bf5 32.Bxh4 Raf8 33.g4 Nf2 34.Qg3 N2xg4 35.Bg5 Bd7 36.Qh4+ Nh6
37.Bd3 e4 38.Bc2  0-1

[Event "Moravia-chT 9899"]
[Site "CZE"]
[Date "1998.??.??"]
[Round "5"]
[White "Civin, Tomas"]
[Black "Mudrak, Josef"]
[Result "1/2-1/2"]
[WhiteElo "2270"]
[BlackElo "2285"]

1.d4 Nf6 2.c4 g6 3.Nc3 d6 4.Nf3 Bg7 5.e4 O-O 6.Be2 e5 7.O-O Nbd7 8.Re1 c6
9.Bf1 Re8 10.d5 c5 11.a3 Rf8 12.Rb1 Ne8 13.b4 b6 14.bxc5 Nxc5 15.Na4 Nxa4
16.Qxa4 Bd7 17.Qb4 f5 18.a4 fxe4 19.Ng5 Bf5 20.Nxe4 Bxe4 21.Rxe4 Rf7 22.Re1 Bf8
23.a5 bxa5 24.Qb5 Qd7 25.Qxd7 Rxd7 26.Bd2 Be7 27.c5 dxc5 28.Bb5 Rb7 29.Bc6 Rxb1
30.Rxb1 Rc8 31.Bd7 Ra8 32.Be6+ Kh8 33.Rb7 Bf6 34.Bxa5 e4 35.g4 h5 36.Rf7 Bg7
37.gxh5 gxh5 38.Rf5 Kh7 39.Rxh5+ Kg6 40.Rh4 Rb8 41.Rg4+ Kh7 42.Rxe4 Bd4 43.Kg2 Rb2
44.Rf4 Nd6 45.Bc7 Be5 46.Rf5 Rb7 47.Bxd6 Bxd6 48.Bc8 Kg6 49.h4 Rc7 50.h5+ Kg7
51.Rg5+ Kh6 52.Rg6+ Kxh5 53.Rxd6 Rxc8 54.Rc6 Rd8 55.Rxc5 Kg4 56.Ra5 Rd7 57.f3+ Kf4
58.Kf2 Ke5 59.Kg3 Rxd5 60.Rxa7 Kf5  1/2-1/2

[Event "CZE-chT2 9798"]
[Site "CZE"]
[Date "1998.??.??"]
[Round "5.3"]
[White "Adamek, Zdenek"]
[Black "Dolezal, Martin"]
[Result "0-1"]
[WhiteElo "2135"]
[BlackElo "2285"]

1.d4 Nf6 2.c4 g6 3.Nc3 Bg7 4.e4 d6 5.Be2 O-O 6.Nf3 e5 7.O-O Nbd7 8.Re1 a5
9.Be3 h6 10.h3 Re8 11.Qc2 exd4 12.Bxd4 Ne5 13.Rad1 Nfd7 14.a3 c6 15.b4 axb4
16.axb4 Nxf3+ 17.Bxf3 Ne5 18.Be2 Qh4 19.Qd2 g5 20.Rf1 Be6 21.f4 gxf4 22.Qxf4 Qxf4
23.Rxf4 Bxc4 24.Bxc4 Nxc4 25.Bxg7 Kxg7 26.Rg4+ Kf8 27.Rh4 Re6 28.Ne2 Rae8
29.Ng3 Ne3 30.Rd3 Nc2 31.Rb3 Nd4 32.Rd3 c5 33.Nf5 Nxf5 34.exf5 Rf6 35.Rf4 b5
36.bxc5 dxc5 37.g4 c4 38.Rc3 Re2 39.h4 Rd6  0-1

[Event "CZE-chT2 9798"]
[Site "CZE"]
[Date "1998.??.??"]
[Round "5.8"]
[White "Plesek, Jiri"]
[Black "Cedikova, Katerina"]
[Result "1-0"]
[WhiteElo "2170"]
[BlackElo "2135"]

1.d4 Nf6 2.c4 g6 3.Nc3 Bg7 4.e4 d6 5.Nf3 O-O 6.Be2 e5 7.Be3 Nc6 8.d5 Ne7
9.Nd2 a5 10.c5 Nd7 11.cxd6 cxd6 12.Nb5 Nc5 13.Nxd6 Qxd6 14.Nc4 Qc7 15.d6 Qc6
16.dxe7 Re8 17.Rc1 Rxe7 18.Nb6 Qxb6 19.Bxc5 Qc7 20.Bd6 Qd8 21.Bxe7 Qxe7 22.O-O Bh6
23.Rc3 Be6 24.Qc2 Rd8 25.Rd1 Rxd1+ 26.Bxd1 Bf8 27.Be2 b6 28.Bc4 Bxc4 29.Rxc4 Qe6
30.b3 Qd7 31.h3 h5 32.Rc7 Qe6 33.Qc4 Qxc4 34.Rxc4 Bc5 35.Kf1 Kf8 36.Ke2 Ke7
37.f3 f6 38.Kd3 Kd6 39.Rc2 h4 40.Kc4 Kc6 41.a4 Bb4 42.Rc1 Bc5 43.Rd1 Be7
44.g3 hxg3 45.Rg1 Bc5 46.Rxg3 g5 47.h4 Bf2 48.hxg5  1-0

[Event "CZE-chT2 9798"]
[Site "CZE"]
[Date "1998.??.??"]
[Round "6.2"]
[White "Tichy, Vladimir"]
[Black "Drbohlav, Frantisek"]
[Result "1-0"]
[WhiteElo "2335"]
[BlackElo "2265"]

1.d4 Nf6 2.c4 g6 3.Nc3 Bg7 4.e4 d6 5.Nf3 O-O 6.Be2 e5 7.d5 Na6 8.O-O Nh5
9.Ne1 Nf4 10.Nd3 Nxd3 11.Bxd3 f5 12.exf5 gxf5 13.f4 e4 14.Be2 c5 15.Be3 Nc7
16.Qd2 Qe8 17.a3 Qg6 18.b4 b6 19.bxc5 bxc5 20.Rab1 Bf6 21.Rb3 Kh8 22.Rfb1 Rg8
23.Bf1 Qg7 24.Nd1 Ba6 25.Bf2 Bd4 26.Rg3 Qf6 27.Rxg8+ Rxg8 28.Ne3 Qg6 29.g3 h5
30.Bh3 Bc8 31.Rb8 h4 32.Rxc8 Rxc8 33.Bxf5 Bxe3 34.Qc3+ Qg7 35.Qxg7+ Kxg7
36.Bxc8 Bc1 37.Bxc5 Nxd5 38.Bxd6 Nb6 39.Ba6 Be3+ 40.Kf1 hxg3 41.hxg3 Na4
42.Bb7 Nc5 43.Bd5 Kf6 44.Ke2 Bd4 45.g4 a5 46.Bc7 a4 47.Bxe4 Bb2 48.Bc2 Bxa3
49.Bd6 Ke6 50.Bxc5 Bxc5 51.Bxa4  1-0

[Event "Moravia-chT 9798"]
[Site "CZE"]
[Date "1998.??.??"]
[Round "6.1"]
[White "Obsivac, Josef"]
[Black "Babula, Vlastimil"]
[Result "0-1"]
[WhiteElo "2345"]
[BlackElo "2555"]

1.d4 Nf6 2.c4 g6 3.Nc3 Bg7 4.e4 d6 5.Be2 O-O 6.Nf3 e5 7.Be3 Ng4 8.Bg5 f6
9.Bh4 Nc6 10.d5 Ne7 11.Nd2 Nh6 12.f3 c6 13.b4 cxd5 14.cxd5 Nf7 15.a4 f5 16.Nb5 Bd7
17.O-O Bh6 18.Bf2 a6 19.Nc3 b5 20.axb5 axb5 21.Nb3 Rxa1 22.Qxa1 Qc7 23.Na5 Bd2
24.Nxb5 Bxb5 25.Bxb5 fxe4 26.fxe4 Ng5 27.Nc4 Bxb4 28.Be3 Bc5 29.Rxf8+ Kxf8
30.Qf1+ Kg7 31.Qd3 Ng8 32.Kf1 Bxe3 33.Qxe3 h6 34.h4 Nf7 35.Qb6 Qe7 36.Qf2 Nf6
37.Nd2 Qc7 38.Be2 Qc2 39.Bf3 g5 40.hxg5 hxg5 41.Qe3 g4 42.Be2 Qc1+ 43.Kf2 Qxd2
44.Qxd2 Nxe4+ 45.Ke3 Nxd2 46.Kxd2 Nh6 47.Bb5 Kf6 48.Ke3 Nf5+ 49.Ke4 Kg5 50.Ba6 Ng3+
51.Ke3 Kh4 52.Bc8 Nh1 53.Kd3 Kg3 54.Kc4 Nf2 55.Kb5 e4 56.Kc6 e3 57.Ba6 Ne4
58.Bd3 Kf2  0-1

[Event "Moravia-chT 9798"]
[Site "CZE"]
[Date "1998.??.??"]
[Round "7.1"]
[White "Babula, Vlastimil"]
[Black "Firt, Stanislav"]
[Result "1/2-1/2"]
[WhiteElo "2555"]
[BlackElo "2335"]

1.d4 Nf6 2.c4 g6 3.Nc3 Bg7 4.e4 d6 5.Nf3 O-O 6.Be2 e5 7.O-O Nbd7 8.Re1 c6
9.Bf1 a5 10.dxe5 dxe5 11.Na4 Qe7 12.b3 Rd8 13.Qc2 Nf8 14.h3 Ne6 15.c5 Nd7
16.Rd1 Nd4 17.Nxd4 exd4 18.Bb2 Nf8 19.g3 g5 20.Bg2 Ng6 21.Rd2 g4 22.Nb6 gxh3
23.Nxc8 Qe6 24.Nd6 hxg2 25.Kxg2 Qg4 26.Rh1 d3 27.Qd1 Nf4+ 28.Kf1 Qe2+ 29.Qxe2 dxe2+
30.Ke1 Bxb2 31.gxf4 Bc3 32.Kxe2 Bxd2 33.Kxd2 b6 34.Ke3 a4 35.Rg1+ Kf8 36.Rh1 axb3
37.axb3 bxc5 38.Rxh7 Kg8 39.Rh6 Rab8 40.e5 Rxb3+ 41.Ke4 Rb4+ 42.Kf5 Kg7 43.Kg5 Rg8
44.Rf6 Kf8+ 45.Kf5 Rg7 46.e6 Rd4 47.Nxf7 Ke7 48.Rh6 Rxf7+ 49.exf7 Kxf7 50.Rxc6 Rc4
51.Rc7+ Ke8 52.Ke5 Rc2 53.f5 Kd8 54.Rc6 Kd7 55.Rd6+ Ke7 56.f6+ Kf7 57.Rd7+ Kf8
58.f4 c4 59.Rc7 c3 60.Kf5 Rc1 61.Rc5 Kf7 62.Rc8 Rc2 63.Rc7+ Kf8 64.f7 Ra2
65.Kg5 Ra6 66.f5 c2 67.f6 Ra1 68.Rxc2 Rg1+  1/2-1/2

[Event "Moravia-chT 9798"]
[Site "CZE"]
[Date "1998.??.??"]
[Round "8.1"]
[White "Obsivac, Josef"]
[Black "Karlik, Vladimir"]
[Result "1-0"]
[WhiteElo "2345"]
[BlackElo "2320"]

1.d4 g6 2.c4 Bg7 3.Nc3 d6 4.e4 Nf6 5.Be2 O-O 6.Nf3 e5 7.Be3 h6 8.h3 exd4
9.Nxd4 Re8 10.f3 Nc6 11.Nxc6 bxc6 12.Qd2 Nh5 13.O-O Ng3 14.Rfe1 Qh4 15.Bd3 f5
16.Bf2 f4 17.Ne2 Nxe2+ 18.Rxe2 Qg5 19.Kh2 Be5 20.c5 Qf6 21.Rc1 Bd7 22.Bc4+ Kg7
23.Qa5 Re7 24.Rd1 h5 25.Red2 Be8 26.cxd6 cxd6 27.Bd4 Kh6 28.Bxe5 Rxe5 29.Qc7 d5
30.exd5 cxd5 31.Rxd5 Re7 32.Qd6 Qh4 33.Re5 Rxe5 34.Qxe5 Ba4 35.b3 Re8 36.Qc3 Qg3+
37.Kg1 Bc6 38.Bf1 Ba8 39.a4 Bb7 40.a5 Rc8 41.Qf6 h4 42.Rd4 Rc1 43.Rxf4 Rxf1+
44.Kxf1 Ba6+ 45.Rc4 Bxc4+ 46.bxc4 Kh5 47.Qd4 Qc7 48.Qg4+ Kh6 49.Qxh4+ Kg7
50.Qd4+ Kh7 51.a6  1-0

[Event "CZE-chT2 9798"]
[Site "CZE"]
[Date "1998.??.??"]
[Round "8.6"]
[White "Fiedler, Bedrich"]
[Black "Necada, Martin"]
[Result "1-0"]
[WhiteElo "2205"]
[BlackElo "2175"]

1.d4 Nf6 2.Nf3 d6 3.c4 g6 4.Nc3 Bg7 5.e4 O-O 6.Be2 Nbd7 7.O-O e5 8.Re1 c6
9.Be3 Ng4 10.Bg5 f6 11.Bh4 Nh6 12.d5 Qe7 13.b4 g5 14.Bg3 f5 15.exf5 Nxf5
16.Bd3 g4 17.Bxf5 gxf3 18.Be6+ Kh8 19.gxf3 Nf6 20.Bxc8 Raxc8 21.dxc6 Rxc6
22.Nd5 Qf7 23.Nxf6 Qxf6 24.Rc1 Bh6 25.Rc2 Bf4 26.c5 Rg8 27.Qd5 dxc5 28.Rxc5 Rd8
29.Qe4 Rd4 30.Rxc6 bxc6 31.Qe2 Rxb4 32.Qa6 Rb8 33.Qxa7 Rg8 34.Qc7 h5 35.Kf1 Bxg3
36.hxg3 Re8 37.Qd7 Rf8 38.Re3 e4 39.Rxe4 Qxf3 40.Qd4+ Kg8 41.Qe3 Qf5 42.Re5 Qf6
43.Qg5+  1-0

[Event "CZE-chT2 9798"]
[Site "CZE"]
[Date "1998.??.??"]
[Round "8.5"]
[White "Reznicek, Jan"]
[Black "Chrz, Pavel"]
[Result "1-0"]
[WhiteElo "2255"]
[BlackElo "2190"]

1.Nf3 Nf6 2.c4 g6 3.Nc3 Bg7 4.e4 d6 5.d4 O-O 6.Be2 e5 7.d5 a5 8.Bg5 h6 9.Bh4 Na6
10.Nd2 Nc5 11.Qc2 a4 12.O-O g5 13.Bg3 b6 14.b4 axb3 15.axb3 Bd7 16.f3 Nh5
17.Bf2 Nf4 18.Rfb1 f5 19.Bf1 g4 20.Rxa8 Qxa8 21.b4 Nb7 22.g3 Ng6 23.exf5 Bxf5
24.Bd3 Bxd3 25.Qxd3 e4 26.fxe4 Qa3 27.Bd4 Ne5 28.Bxe5 Bxe5 29.Rb3 Qc1+ 30.Kg2 Nd8
31.Nb5 Qe1 32.Qe3 Qd1 33.Qd3 Qe1 34.Qe3 Qd1 35.Rb1 Qc2 36.Rf1 Rxf1 37.Kxf1 Nf7
38.Nxc7 Ng5 39.Ne6 Nh3 40.Ke2 Qb2 41.Qxh6 Ng1+ 42.Kf1 Qc1+ 43.Kg2 Qd1 44.Qf8+ Kh7
45.Ng5+ Kg6 46.Qf5+ Kg7 47.Ne6+ Kg8 48.Qg6+ Kh8 49.Ng5  1-0